000 00681cab a2200217 4500
001 WB2834-01
008 090401t1992 xxu||||| |||| 00| 0 eng d
035 _a(Sirsi) u362
041 _aeng
245 _aTeams seek failed rivals` work
260 _c1992
350 _a0
490 _aFinancial Times
_v1 September 1992, 6(1)
520 _aA growing number of building firms are establishing teams to bid for work left incomplete by the bankruptcy of rival companies, as the market for new tenders declines.
650 _aCONSTRUCTION COMPANIES
650 _aCONSTRUCTION MARKET
650 _aRECESSION
690 _aBUILT ENVIRONMENT
942 _n0
948 _c04/03/1997
999 _c138
_d138